000 01002nam0a22002411 4500
001 rc\869424
005 20260407093612.0
035 _a(NLR Aleph) 006048073
090 _a4775556
_c4775556
100 _a20041129d1984 |||y0rusy50 ca
101 0 _arus
102 _aRU
105 _aa |||||||||
200 1 _aТехнологическая инструкция по проходке шурфов грейферными установками
_fМ-во геологии СССР, Центр. н.-и. геол.-развед. ин-т цв. и благород. металлов ЦНИГРИ
210 _aМ.
_cЦНИГРИ
_d1984
215 _a27 с.
_cил.
_d20
320 _aБиблиогр.: с. 23
712 0 2 _aЦентральный научно-исследовательский горно-разведочный институт
_cМосква
_9330550
_3RU\NLR\AUTH\889917189
801 0 _aRU
_bNLR
_gpsbo
801 1 _aRU
_bELAR
_2rusmarc
852 _aNLR
_j86-4/24060
942 _cBOOK
980 _aNB